Monarchs of Britain by Royal House Quiz Stats

Quiz Updated Sep 26, 2016

Challenge
Share
Tweet
Embed
Score 0/21 Timer 03:00
12 Plays Today
Kingdom Monarchs % Correct
England (927CE-1707CE)Henry VII, Henry VIII, Edward VI, Mary I & Philip, Elizabeth I
96.8%
Scotland (843CE-1707CE)Robert II, Robert III, James I, James II, James III, James IV, James V, Mary I, James VI, Charles I, Charles II, James VII, Mary II, William II, Anne
95.7%
England (927CE-1707CE)James I, Charles I, Charles II, James II, Mary II, William III, Anne
94.6%
England (927CE-1707CE)William I, William II, Henry I
92.6%
United Kingdom (1801CE-date)George V, Edward VIII, George VI, Elizabeth II
92.5%
England (927CE-1707CE)Henry II, Henry the Young King, Richard I, John
91.6%
United Kingdom (1801CE-date)George III, George IV, William IV, Victoria
91.4%
England (927CE-1707CE)Henry III, Edward I, Edward II, Edward III, Richard II
90.9%
England (927CE-1707CE)Edward IV, Edward V, Richard III
85.4%
England (927CE-1707CE)Henry IV, Henry V, Henry VI
84.7%
Great Britain (1707CE-1801CE)George I, George II, George III
83.3%
Kingdom Monarchs % Correct
Scotland (843CE-1707CE)Duncan I, Macbeth, Lulach, Malcolm III, Donald III, Duncan II, Edgar, Alexander I, David I, Malcolm IV, William I, Alexander II, Alexander III
82.7%
United Kingdom (1801CE-date)Edward VII, George V
75.2%
Scotland (843CE-1707CE)Robert I, David II
59%
Great Britain (1707CE-1801CE)Anne
56.1%
England (927CE-1707CE)Stephen
48.5%
England (927CE-1707CE)Sweyn Forkbeard, Cnut, Harold I, Harthacnut
46.5%
England (927CE-1707CE)Æthelstan, Edmund I, Eadred, Eadwig, Edgar I, Edward the Martyr, Æthelred the Unready, Edmund II, Edward the Confessor, Harold II, Edgar II
43%
Scotland (843CE-1707CE)John
42.5%
Scotland (843CE-1707CE)Kenneth I, Donald I, Constantine I, Áed, Giric, Eochaid, Donald II, Constantine II, Malcolm I, Indulf, Dub, Cuilén, Amlaíb, Kenneth II, Constantine III, Kenneth III, Malcolm II
35.5%
Scotland (843CE-1707CE)Margaret
11.3%

You're not logged in!

Compare scores with friends on all Sporcle quizzes.
Join for Free
OR
Log In

You Might Also Like...

Show Comments

Extras

Top Quizzes Today


Score Distribution

Your Account Isn't Verified!

In order to create a playlist on Sporcle, you need to verify the email address you used during registration. Go to your Sporcle Settings to finish the process.

Report this User

Report this user for behavior that violates our Community Guidelines.

Details: